|
|
|
|
| LEADER |
02241nam a22005775i 4500 |
| 001 |
978-0-230-55262-3 |
| 003 |
DE-He213 |
| 005 |
20171209100024.0 |
| 007 |
cr nn 008mamaa |
| 008 |
171209s2007 xxu| s |||| 0|eng d |
| 020 |
|
|
|a 9780230552623
|9 978-0-230-55262-3
|
| 024 |
7 |
|
|a 10.1007/978-0-230-55262-3
|2 doi
|
| 040 |
|
|
|d GrThAP
|
| 050 |
|
4 |
|a GE40-GE45
|
| 072 |
|
7 |
|a RN
|2 bicssc
|
| 072 |
|
7 |
|a HPQ
|2 bicssc
|
| 072 |
|
7 |
|a SCI026000
|2 bisacsh
|
| 072 |
|
7 |
|a PHI005000
|2 bisacsh
|
| 082 |
0 |
4 |
|a 333.701
|2 23
|
| 100 |
1 |
|
|a Cockell, Charles S.
|e author.
|
| 245 |
1 |
0 |
|a Space on Earth
|h [electronic resource] :
|b Saving our world by seeking others /
|c by Charles S. Cockell.
|
| 246 |
3 |
|
|a MobiPocket
|
| 264 |
|
1 |
|a New York :
|b Palgrave Macmillan US :
|b Imprint: Palgrave Macmillan,
|c 2007.
|
| 300 |
|
|
|a XIV, 186 p.
|b online resource.
|
| 336 |
|
|
|a text
|b txt
|2 rdacontent
|
| 337 |
|
|
|a computer
|b c
|2 rdamedia
|
| 338 |
|
|
|a online resource
|b cr
|2 rdacarrier
|
| 347 |
|
|
|a text file
|b PDF
|2 rda
|
| 490 |
1 |
|
|a Macmillan Science
|
| 520 |
|
|
|a Sir Arthur Clarke Award Winner Many environmentalists think going into space detracts from solving problems on Earth. Most space explorers feel environmentalism hampers their exploration of space. Leading astro-biologist Prof. Cockell argues that environmentalism and space exploration have one and the same objective, to ensure humanity has a home.
|
| 650 |
|
0 |
|a Environment.
|
| 650 |
|
0 |
|a Environmental sciences.
|
| 650 |
|
0 |
|a Astrophysics.
|
| 650 |
|
0 |
|a Popular works.
|
| 650 |
|
0 |
|a Astronomy.
|
| 650 |
|
0 |
|a Environmental sciences
|x Philosophy.
|
| 650 |
|
0 |
|a Sociology.
|
| 650 |
1 |
4 |
|a Environment.
|
| 650 |
2 |
4 |
|a Environmental Philosophy.
|
| 650 |
2 |
4 |
|a Popular Science, general.
|
| 650 |
2 |
4 |
|a Sociological Theory.
|
| 650 |
2 |
4 |
|a Environmental Science and Engineering.
|
| 650 |
2 |
4 |
|a Popular Science in Astronomy.
|
| 650 |
2 |
4 |
|a Astrophysics and Astroparticles.
|
| 710 |
2 |
|
|a SpringerLink (Online service)
|
| 773 |
0 |
|
|t Springer eBooks
|
| 776 |
0 |
8 |
|i Printed edition:
|z 9781349582839
|
| 830 |
|
0 |
|a Macmillan Science
|
| 856 |
4 |
0 |
|u http://dx.doi.org/10.1007/978-0-230-55262-3
|z Full Text via HEAL-Link
|
| 912 |
|
|
|a ZDB-2-EES
|
| 950 |
|
|
|a Earth and Environmental Science (Springer-11646)
|